[Event "FIDE Online Olympiad"]
[Site "Chess.com"]
[Date "2020.07.31"]
[EventDate "2020.07.31"]
[Round "3"]
[Result "1-0"]
[White "Casanova Romario Sanches"]
[Black "David Silva"]
[WhiteElo "1954"]
[BlackElo "2321"]
[PlyCount "71"]

1. c4 Nf6 2. Nc3 g6 3. e4 d6 4. g3 Bg7 5. Bg2 O-O 6. Nge2 e5
7. O-O Be6 8. d3 Qc8 9. f4 c6 10. Rb1 Bh3 11. f5 Bxg2 12. Kxg2
Nbd7 13. h3 d5 14. cxd5 cxd5 15. Nxd5 Nxd5 16. exd5 Nf6
17. fxg6 fxg6 18. Nc3 b6 19. Qb3 Qb7 20. Bg5 Nd7 21. Ne4 h6
22. Be7 Rxf1 23. Rxf1 a5 24. d6+ Kh7 25. Kh2 Rc8 26. Rf7 a4
27. Qxa4 Nc5 28. Nxc5 Rxc5 29. d7 Rc1 30. Qe4 Qxd7 31. Qxe5
Rc2+ 32. Kg1 Rc1+ 33. Kf2 Qf5+ 34. Rxf5 Bxe5 35. Rxe5 Rc2+
36. Re2 1-0

[Event "FIDE Online Olympiad"]
[Site "Chess.com"]
[Date "2020.07.31"]
[EventDate "2020.07.31"]
[Round "3"]
[Result "1-0"]
[White "Esperanca Caxita"]
[Black "Rosangela Dos Ramos"]
[WhiteElo "1837"]
[BlackElo "1765"]
[PlyCount "105"]

1. e4 g6 2. d4 Bg7 3. Nf3 d6 4. Bc4 e6 5. O-O a6 6. c3 b5
7. Bb3 Bb7 8. d5 e5 9. Bg5 Ne7 10. Qd2 O-O 11. Re1 Nd7 12. Bh6
Nc5 13. Bc2 c6 14. b4 Na4 15. Bxa4 bxa4 16. Bxg7 Kxg7 17. c4
Qb6 18. a3 a5 19. dxc6 Qxc6 20. b5 Qxc4 21. Qxd6 Rfe8
22. Qxe5+ Kg8 23. Nbd2 Qc8 24. Qg5 Kg7 25. e5 Ng8 26. Rac1 Qd7
27. b6 h6 28. Qe3 Rac8 29. Rc5 Rxc5 30. Qxc5 Ne7 31. Qxa5 Nd5
32. Qc5 Rc8 33. Qd4 Qe8 34. Ne4 Qe6 35. Nc5 Qxb6 36. Nxb7 Qxb7
37. e6+ Kh7 38. exf7 Qxf7 39. Qxa4 Nc3 40. Qb4 Nd5 41. Qd6 Rf8
42. h3 Ra8 43. Re6 Rg8 44. Qxd5 Re8 45. Rd6 Qxd5 46. Rxd5 Kg7
47. Kf1 Re6 48. a4 Ra6 49. a5 Kf6 50. Rb5 Kg7 51. Ke2 g5
52. Ke3 Re6+ 53. Ne5 1-0

[Event "FIDE Online Olympiad"]
[Site "Chess.com"]
[Date "2020.07.31"]
[EventDate "2020.07.31"]
[Round "3"]
[Result "1-0"]
[White "Amaro Lutuima"]
[Black "Imaan Kalidjo"]
[WhiteElo "2039"]
[BlackElo "1692"]
[PlyCount "71"]

1. e4 d5 2. exd5 Qxd5 3. Nc3 Qa5 4. d4 c6 5. Bc4 Nf6 6. a3 Bg4
7. Nf3 e6 8. h3 Bxf3 9. Qxf3 Bd6 10. Bb3 Nbd7 11. Bd2 Qc7
12. O-O-O O-O-O 13. Kb1 Kb8 14. g4 h6 15. h4 Nb6 16. g5 Nfd5
17. Ne4 Bf4 18. Ba5 hxg5 19. c4 f5 20. Nc5 g4 21. Qd3 Qd6
22. cxd5 cxd5 23. Bb4 Qc6 24. Rde1 Rhe8 25. a4 Nd7 26. Nxd7+
Qxd7 27. Bc3 Rc8 28. Re2 Qd6 29. Rhe1 Qb6 30. Qb5 Qxb5
31. axb5 g3 32. fxg3 Bxg3 33. Rg1 f4 34. Be1 f3 35. Bxg3+ Ka8
36. Rf2 1-0

[Event "FIDE Online Olympiad"]
[Site "Chess.com"]
[Date "2020.07.31"]
[EventDate "2020.07.31"]
[Round "3"]
[Result "1-0"]
[White "Rurik Capella"]
[Black "Koffi Botsoe"]
[WhiteElo "1952"]
[BlackElo "1570"]
[PlyCount "93"]

1. e4 Nc6 2. d4 e5 3. d5 Nce7 4. f4 d6 5. Nf3 Bg4 6. h3 Bxf3
7. Qxf3 Nf6 8. Nc3 a6 9. g4 c5 10. fxe5 dxe5 11. g5 Nd7
12. Be3 Ng6 13. h4 Bd6 14. Bh3 Qe7 15. h5 Nf4 16. Bxd7+ Kxd7
17. Na4 Kc7 18. Qf2 b6 19. b4 Rhc8 20. bxc5 Bxc5 21. Nxc5 bxc5
22. Bxf4 exf4 23. Qxf4+ Kd8 24. Rb1 Ra7 25. O-O Ke8 26. Rb8
Ra8 27. Rfb1 Kf8 28. Rxa8 Rxa8 29. Rb8+ Rxb8 30. Qxb8+ Qe8
31. Qxe8+ Kxe8 32. Kf2 Ke7 33. e5 f6 34. gxf6+ gxf6 35. exf6+
Kxf6 36. c4 h6 37. Kf3 a5 38. Ke4 a4 39. d6 Ke6 40. d7 Kxd7
41. Kd5 Ke7 42. Kxc5 Kf6 43. Kd6 Kg5 44. c5 Kxh5 45. c6 Kg4
46. c7 h5 47. c8=Q+ 1-0

[Event "FIDE Online Olympiad"]
[Site "Chess.com"]
[Date "2020.07.31"]
[EventDate "2020.07.31"]
[Round "3"]
[Result "1-0"]
[White "Taqesyah Marcos"]
[Black "Ivana Claudia Eyram De Souza"]
[WhiteElo "1493"]
[BlackElo "1117"]
[PlyCount "181"]

1. e3 e5 2. b3 Nc6 3. Bb2 g6 4. Nf3 Bg7 5. Bb5 a6 6. Bxc6 bxc6
7. Bxe5 Bxe5 8. Nxe5 Qf6 9. d4 d6 10. Nd3 Bb7 11. Nd2 c5
12. Nf3 Ne7 13. Rc1 Qf5 14. c3 Qg4 15. O-O Nf5 16. e4 Nh4
17. Nxh4 Qxh4 18. d5 O-O 19. Re1 Rfe8 20. f3 Bc8 21. Qd2 f5
22. Qf4 Qxf4 23. Nxf4 Bd7 24. c4 Re7 25. Re2 Rae8 26. Rce1 c6
27. Kf2 cxd5 28. exd5 Rxe2+ 29. Rxe2 Kf7 30. Rxe8 Bxe8 31. Ne6
Bd7 32. Nc7 a5 33. Ke3 g5 34. g3 Kf6 35. f4 g4 36. Na6 Ke7
37. Nb8 Bc8 38. Nc6+ Kd7 39. Nxa5 Kc7 40. Kf2 Bd7 41. Kg2 Kb6
42. Nc6 Bxc6 43. dxc6 Kxc6 44. h3 h5 45. hxg4 hxg4 46. Kf2 Kb6
47. Ke2 Ka5 48. Kd3 Kb4 49. Kc2 Ka3 50. Kb1 Kb4 51. Kb2 Ka5
52. Ka3 Kb6 53. Ka4 Kc6 54. Ka5 d5 55. cxd5+ Kxd5 56. Kb5 Ke4
57. a4 Kf3 58. a5 Kxg3 59. a6 Kh3 60. a7 g3 61. a8=Q g2
62. Qf3+ Kh2 63. Qf2 Kh1 64. Kxc5 g1=Q 65. Qxg1+ Kxg1 66. Kd4
Kg2 67. b4 Kg3 68. b5 Kxf4 69. b6 Kg3 70. b7 f4 71. b8=Q Kf3
72. Kd3 Kg3 73. Ke2 Kg4 74. Kf2 Kg5 75. Kf3 Kf5 76. Qxf4+ Ke6
77. Qg5 Kd6 78. Ke4 Kc6 79. Kd4 Kd6 80. Qd5+ Ke7 81. Qc6 Kf7
82. Ke5 Kg7 83. Kf5 Kh7 84. Kg5 Kg7 85. Qg6+ Kf8 86. Qh7 Ke8
87. Kf6 Kd8 88. Ke6 Kc8 89. Kd6 Kb8 90. Kc6 Ka8 91. Qb7# 1-0

[Event "FIDE Online Olympiad"]
[Site "Chess.com"]
[Date "2020.07.31"]
[EventDate "2020.07.31"]
[Round "3"]
[Result "1-0"]
[White "Baha Miswadah"]
[Black "Bernard Lesbros"]
[WhiteElo "1964"]
[BlackElo "1912"]
[PlyCount "119"]

1. e4 c5 2. Nf3 d6 3. d4 cxd4 4. Nxd4 Nf6 5. Nc3 g6 6. Be3 Bg7
7. f3 Nc6 8. Qd2 O-O 9. h4 Nxd4 10. Bxd4 Be6 11. O-O-O Qa5
12. Kb1 Rfc8 13. Nd5 Qxd2 14. Nxf6+ Bxf6 15. Rxd2 Kg7
16. Bxf6+ Kxf6 17. g3 Rc5 18. Bg2 Rac8 19. f4 R8c7 20. Bf3 h5
21. Re1 b5 22. a3 a5 23. Re3 b4 24. axb4 axb4 25. b3 Ra5
26. Rd4 Rca7 27. Rxb4 Ra1+ 28. Kb2 R7a2+ 29. Kc3 Rc1 30. Re2
Rg1 31. Rg2 Rf1 32. Be2 Rc1 33. Bd3 Bh3 34. Rh2 Bg4 35. Rb6
Rg1 36. e5+ Ke6 37. Bc4+ Kf5 38. Bxf7 Rxg3+ 39. Kb4 Kxf4
40. exd6 exd6 41. Bxg6 Rg1 42. Rxd6 Kg3 43. Rdd2 Bh3 44. Bxh5
Kxh4 45. Rd3 Rg3 46. Rxg3 Kxg3 47. Rd2 Bf5 48. c4 Ra8 49. Bd1
Kf4 50. Kc3 Ke5 51. Bc2 Be6 52. b4 Ra3+ 53. Bb3 Ra1 54. b5
Rc1+ 55. Kb4 Rb1 56. b6 Bc8 57. Rd8 Be6 58. Re8 Kd6 59. c5+
Kd7 60. Rxe6 1-0

[Event "FIDE Online Olympiad"]
[Site "Chess.com"]
[Date "2020.07.31"]
[EventDate "2020.07.31"]
[Round "3"]
[Result "1-0"]
[White "Mohamad Seder"]
[Black "Rassoul Diarra"]
[WhiteElo "1699"]
[BlackElo "1701"]
[PlyCount "123"]

1. e4 e5 2. Nf3 Nc6 3. Bb5 Nf6 4. d4 exd4 5. e5 Bb4+ 6. c3 Qe7
7. O-O Nd5 8. cxb4 Qxb4 9. Bxc6 bxc6 10. Qxd4 Qa5 11. e6 O-O
12. Bd2 Qa6 13. exd7 Bxd7 14. Nc3 Nb6 15. Ne4 Rad8 16. Bc3 f6
17. Nc5 Qb5 18. a4 Qc4 19. Qxc4+ Nxc4 20. Rad1 Bg4 21. h3 Bxf3
22. gxf3 Rfe8 23. Rfe1 Rxe1+ 24. Rxe1 Nb6 25. Ne6 Rd3 26. Nxc7
Nxa4 27. Re3 Rd7 28. Ne6 Kf7 29. Nd4 Nc5 30. Nxc6 Rc7 31. Nd4
Rb7 32. Nf5 Kg6 33. Nd4 Na4 34. b3 Nc5 35. b4 Na6 36. b5 Nc5
37. Bb4 Na6 38. Ba3 Rd7 39. bxa6 Rxd4 40. Bc5 Rc4 41. Bxa7 Ra4
42. Re6 Kf7 43. Rc6 Ke8 44. Bc5 Kd7 45. Rd6+ Kc7 46. a7 Rxa7
47. Bxa7 Kxd6 48. Kg2 Ke5 49. Kg3 g5 50. Kg4 h6 51. Bb8+ Ke6
52. Kh5 f5 53. Kxh6 g4 54. fxg4 fxg4 55. hxg4 Kf7 56. g5 Kg8
57. g6 Kh8 58. f4 Kg8 59. f5 Kh8 60. f6 Kg8 61. f7+ Kf8
62. Bd6# 1-0

[Event "FIDE Online Olympiad"]
[Site "Chess.com"]
[Date "2020.07.31"]
[EventDate "2020.07.31"]
[Round "1"]
[Result "1-0"]
[White "Raehanna Brown"]
[Black "Aimara Ballestero"]
[WhiteElo "1540"]
[BlackElo "1224"]
[PlyCount "57"]

1. c4 c5 2. Nf3 g6 3. d4 cxd4 4. Nxd4 Bg7 5. e4 Nc6 6. Be3 Nf6
7. Nc3 O-O 8. Be2 d6 9. O-O e5 10. Nb3 Be6 11. Qd2 Qc7
12. Rfd1 Rfd8 13. f3 a6 14. Rac1 Qd7 15. Bb6 Rdc8 16. Qxd6
Qxd6 17. Rxd6 Ne8 18. Rdd1 Ne7 19. Nd5 Bxd5 20. cxd5 Nd6
21. Rc7 Kf8 22. Nc5 Rxc7 23. Bxc7 Nb5 24. Bxb5 axb5 25. d6 Nc6
26. d7 Ke7 27. Nxb7 Nd8 28. Nxd8 Ra7 29. Nc6+ 1-0

[Event "FIDE Online Olympiad"]
[Site "Chess.com"]
[Date "2020.07.31"]
[EventDate "2020.07.31"]
[Round "1"]
[Result "1-0"]
[White "Darren McKennis"]
[Black "Ilya Stetsenko"]
[WhiteElo "1607"]
[BlackElo "1596"]
[PlyCount "37"]

1. d4 Nf6 2. c4 e6 3. Nc3 Bb4 4. Qc2 O-O 5. Nf3 d6 6. a3 Bxc3+
7. Qxc3 Nbd7 8. Bf4 b6 9. e3 Bb7 10. Bd3 Re8 11. Rd1 Qe7
12. Bg3 e5 13. Be2 Ne4 14. Qc2 f5 15. c5 bxc5 16. Qb3+ Kh8
17. Qxb7 Nb6 18. dxe5 dxe5 19. Bxe5 1-0

[Event "FIDE Online Olympiad"]
[Site "Chess.com"]
[Date "2020.07.31"]
[EventDate "2020.07.31"]
[Round "1"]
[Result "1-0"]
[White "Kevin Cupid"]
[Black "Waldyr Espirito Santo"]
[WhiteElo "2162"]
[BlackElo "1915"]
[PlyCount "93"]

1. d4 d5 2. Nf3 Nf6 3. c4 e6 4. Nc3 Be7 5. Bf4 O-O 6. e3 b6
7. cxd5 Nxd5 8. Bg3 Bb7 9. Bc4 Nxc3 10. bxc3 c5 11. O-O Nc6
12. Qe2 Na5 13. Bd3 Rc8 14. Rfd1 c4 15. Bc2 b5 16. Rab1 a6
17. a4 Bc6 18. Ne5 Be8 19. axb5 axb5 20. d5 exd5 21. e4 Bc5
22. Rxd5 Qe7 23. Qg4 Rc7 24. Rbd1 f6 25. Nd7 f5 26. Bxc7 fxg4
27. Rxc5 Bxd7 28. Bd6 Qe8 29. Bxf8 Qxf8 30. Rc7 Bc6 31. e5 Qb8
32. Re7 Kf8 33. Re6 Qc8 34. Red6 Nb7 35. R6d4 h5 36. Bg6 Qe6
37. Rf4+ Ke7 38. Rf7+ Qxf7 39. Bxf7 Kxf7 40. h3 gxh3 41. gxh3
Ke6 42. f4 g6 43. Kf2 Be4 44. Ke3 Bd3 45. Ra1 Nd8 46. Ra6+ Kf5
47. Rf6# 1-0

[Event "FIDE Online Olympiad"]
[Site "Chess.com"]
[Date "2020.07.31"]
[EventDate "2020.07.31"]
[Round "1"]
[Result "1-0"]
[White "Shemilah James"]
[Black "Izidora Lourenco Lima"]
[WhiteElo "1494"]
[BlackElo "1345"]
[PlyCount "123"]

1. e4 e5 2. Nf3 Nc6 3. Bc4 h6 4. c3 Nf6 5. d3 Bc5 6. O-O d5
7. Bb5 Bd7 8. Bxc6 Bxc6 9. Nxe5 dxe4 10. Nxc6 bxc6 11. d4 Bb6
12. Re1 O-O 13. Nd2 Re8 14. Nc4 c5 15. Nxb6 cxb6 16. dxc5 Qxd1
17. Rxd1 bxc5 18. Be3 Rac8 19. h3 Re7 20. Rd2 Rd7 21. Rad1
Rcc7 22. Rxd7 Nxd7 23. Rd5 c4 24. Rd4 Nf6 25. Bf4 Rc6 26. Be5
a6 27. Bxf6 Rxf6 28. Rxc4 Re6 29. Ra4 Kf8 30. Kf1 Ke7 31. Ke2
Kd7 32. Ke3 Kc7 33. Rxe4 Rxe4+ 34. Kxe4 Kd6 35. Kd4 Kc6
36. Ke5 Kd7 37. Kd5 f6 38. c4 g5 39. c5 f5 40. Ke5 f4 41. Kf6
Kc6 42. Kg6 Kxc5 43. Kxh6 Kd5 44. Kxg5 Ke4 45. h4 f3 46. gxf3+
Kxf3 47. h5 Kxf2 48. h6 Ke2 49. h7 Kd3 50. h8=Q Ke4 51. Qa8+
Ke5 52. Qxa6 Kd4 53. Qa5 Ke4 54. Kf6 Kd4 55. Ke6 Ke3 56. Qb4
Kd3 57. Ke5 Ke3 58. Qc3+ Kf2 59. Ke4 Ke2 60. Qc2+ Kf1 61. Kf3
Kg1 62. Qg2# 1-0

[Event "FIDE Online Olympiad"]
[Site "Chess.com"]
[Date "2020.07.31"]
[EventDate "2020.07.31"]
[Round "1"]
[Result "1-0"]
[White "Isaiah McIntosh"]
[Black "Fabio Costa Alegre"]
[WhiteElo "1902"]
[BlackElo "1576"]
[PlyCount "83"]

1. e4 c5 2. Nf3 d6 3. d4 cxd4 4. Nxd4 Nf6 5. Nc3 a6 6. f3 g6
7. Be3 Bg7 8. Qd2 b5 9. a4 bxa4 10. Nxa4 O-O 11. Be2 Bb7
12. c4 Nbd7 13. O-O Qc7 14. Rfc1 Rfc8 15. b4 h5 16. Ra2 Bf8
17. Nb3 Rab8 18. b5 e6 19. Na5 Nc5 20. Nxc5 dxc5 21. Nxb7 Qxb7
22. Rxa6 Rd8 23. Qe1 Ra8 24. Bg5 Be7 25. Qh4 Rxa6 26. bxa6 Qb2
27. Bf1 Ra8 28. Re1 Qd4+ 29. Kh1 Rxa6 30. e5 Qxh4 31. Bxh4 Nd5
32. cxd5 Bxh4 33. g3 Bd8 34. Bxa6 exd5 35. Bb7 d4 36. Ba6 Ba5
37. Rb1 Bb4 38. Bc4 Kf8 39. Ra1 d3 40. Bxd3 c4 41. Bxc4 f5
42. exf6 1-0

[Event "FIDE Online Olympiad"]
[Site "Chess.com"]
[Date "2020.07.31"]
[EventDate "2020.07.31"]
[Round "1"]
[Result "1-0"]
[White "Ricardo Urbina"]
[Black "Anthony Drayton"]
[WhiteElo "2223"]
[BlackElo "1950"]
[PlyCount "57"]

1. e4 e6 2. d4 d5 3. Nc3 Nf6 4. e5 Nfd7 5. f4 c5 6. dxc5 Nxc5
7. a3 Bd7 8. Nf3 Be7 9. b4 Na4 10. Nxa4 Bxa4 11. Bd3 a5
12. O-O axb4 13. Kh1 bxa3 14. Ng5 g6 15. Qe1 Bc6 16. Qg3 h5
17. Nxf7 Kd7 18. Nxd8 Rxd8 19. Bxg6 h4 20. Qh3 Rf8 21. Bxa3
Bxa3 22. Rxa3 Rxa3 23. Qxa3 Rg8 24. Qd6+ Kc8 25. Qxe6+ Nd7
26. Qxg8+ Kc7 27. e6 Nc5 28. e7 h3 29. Qd8# 1-0

[Event "FIDE Online Olympiad"]
[Site "Chess.com"]
[Date "2020.07.31"]
[EventDate "2020.07.31"]
[Round "1"]
[Result "1-0"]
[White "Leslie Carolin Torres Hernandez"]
[Black "Samirah Gobin"]
[WhiteElo "1884"]
[BlackElo "1139"]
[PlyCount "129"]

1. e4 e5 2. Nc3 Nf6 3. g3 Bb4 4. Bg2 O-O 5. Nge2 d6 6. O-O Bg4
7. h3 Bh5 8. g4 Bg6 9. d3 Nc6 10. f4 exf4 11. Bxf4 Re8 12. a3
Bc5+ 13. Kh2 Nd4 14. Ng3 Qd7 15. g5 Nh5 16. Nxh5 Bxh5 17. Qxh5
g6 18. Qd1 Rad8 19. Nd5 Re6 20. c3 Nc6 21. Nf6+ Rxf6 22. gxf6
Qe6 23. Bg3 Bb6 24. Qd2 Kh8 25. d4 Qc4 26. Qh6 Rg8 27. Rad1
Qe2 28. e5 dxe5 29. dxe5 Qh5 30. Qxh5 gxh5 31. Bxc6 bxc6
32. Bf2 Bxf2 33. Rg1 Bxg1+ 34. Rxg1 Rd8 35. Rg3 h4 36. Rg2 Rd5
37. Re2 h6 38. Kg2 Kh7 39. Kf3 Kg6 40. Ke4 Rd7 41. Rg2+ Kh5
42. e6 fxe6 43. Ke5 Rd6 44. f7 Rd7 45. Kxe6 Rxf7 46. Kxf7 c5
47. Ke6 c4 48. Kd5 c6+ 49. Kxc4 a5 50. Kc5 a4 51. Rd2 Kg5
52. Kxc6 Kf4 53. Kb5 Kg3 54. Rd3+ Kh2 55. c4 Kg2 56. c5 Kf2
57. c6 Ke2 58. Rc3 Kd2 59. c7 h5 60. c8=Q Ke2 61. Qe8+ Kf2
62. Qxh5 Kg2 63. Qxh4 Kh2 64. Qg3+ Kh1 65. Rc1# 1-0

[Event "FIDE Online Olympiad"]
[Site "Chess.com"]
[Date "2020.07.31"]
[EventDate "2020.07.31"]
[Round "1"]
[Result "1-0"]
[White "Alejandra Nicolle Garcia Reyes"]
[Black "Sasha Christina Shariff"]
[WhiteElo "1506"]
[BlackElo "1195"]
[PlyCount "51"]

1. e4 e5 2. Nf3 Nc6 3. Bc4 Be7 4. Nc3 Nf6 5. d4 d6 6. h3 exd4
7. Nxd4 Ne5 8. Bb3 c5 9. Ba4+ Bd7 10. Bxd7+ Qxd7 11. Nf5 O-O
12. Nxe7+ Qxe7 13. O-O Rad8 14. Bg5 Qe6 15. Nd5 Rfe8 16. Bxf6
gxf6 17. Nc7 Qe7 18. Nxe8 Qxe8 19. f4 Ng6 20. Qf3 Qe7 21. Qg3
Qxe4 22. f5 Qd4+ 23. Kh1 Kg7 24. fxg6 hxg6 25. c3 Qe5 26. Qf3
1-0

[Event "FIDE Online Olympiad"]
[Site "Chess.com"]
[Date "2020.07.31"]
[EventDate "2020.07.31"]
[Round "2"]
[Result "1-0"]
[White "Ricardo Urbina"]
[Black "Aaron Ramtulla"]
[WhiteElo "2223"]
[BlackElo "1191"]
[PlyCount "31"]

1. e4 e5 2. Nc3 Nf6 3. f4 Nc6 4. fxe5 Nxe5 5. d4 Nc6 6. e5 Ng8
7. Nf3 d6 8. Bc4 Be6 9. d5 Bd7 10. dxc6 Bxc6 11. O-O h6
12. Bxf7+ Kxf7 13. Ng5+ Kg6 14. Qd3+ Kh5 15. g4+ Kxg4 16. Qh3#
1-0

[Event "FIDE Online Olympiad"]
[Site "Chess.com"]
[Date "2020.07.31"]
[EventDate "2020.07.31"]
[Round "2"]
[Result "1-0"]
[White "Fabio Costa Alegre"]
[Black "Rajiv Adhikari Lee"]
[WhiteElo "1576"]
[BlackElo "1530"]
[PlyCount "95"]

1. e4 e5 2. Nf3 Nc6 3. Bb5 a6 4. Ba4 b5 5. Bb3 Bc5 6. c3 Nf6
7. O-O O-O 8. d4 exd4 9. cxd4 Bb6 10. e5 Ne8 11. Bg5 Ne7
12. Re1 h6 13. Bh4 Bb7 14. d5 g5 15. Nxg5 hxg5 16. Bxg5 Ng7
17. d6 cxd6 18. exd6 Qc8 19. dxe7 Re8 20. Qg4 Qc5 21. Bh4 Qf5
22. Qg3 Rac8 23. Nc3 Bc7 24. Qe3 Qg4 25. Bg3 Nf5 26. Qa7 Bxg3
27. hxg3 Bc6 28. Nd5 Bxd5 29. Bxd5 Nxe7 30. Bf3 Qf5 31. Qxa6
Ng6 32. Qd6 Kg7 33. Qd4+ Qf6 34. Qxd7 Rcd8 35. Qxb5 Rh8 36. a4
Rh7 37. Qb4 Rdh8 38. Kf1 Rh1+ 39. Ke2 Re8+ 40. Kd2 Qg5+
41. Kc2 Rc8+ 42. Kb3 Rhh8 43. Rac1 Rb8 44. Rc4 Rxb4+ 45. Rxb4
Rd8 46. Rc1 Ne7 47. Rc7 Kf8 48. Rbb7 1-0

[Event "FIDE Online Olympiad"]
[Site "Chess.com"]
[Date "2020.07.31"]
[EventDate "2020.07.31"]
[Round "2"]
[Result "1-0"]
[White "Peter van den Brink"]
[Black "Serguei Gontcharov"]
[WhiteElo "2180"]
[BlackElo "1839"]
[PlyCount "41"]

1. c4 c5 2. g3 Nc6 3. Bg2 g6 4. Nc3 Bg7 5. Nf3 e6 6. O-O Nge7
7. d3 d5 8. cxd5 exd5 9. Bf4 O-O 10. Rc1 b6 11. d4 cxd4
12. Nb5 Ba6 13. Nc7 Bb7 14. Nxa8 Bxa8 15. Qd2 Re8 16. Rfe1 Nf5
17. h3 Qd7 18. Kh2 Bb7 19. h4 h5 20. Bh3 Nce7 21. Rc7 1-0

[Event "FIDE Online Olympiad"]
[Site "Chess.com"]
[Date "2020.07.31"]
[EventDate "2020.07.31"]
[Round "2"]
[Result "1-0"]
[White "Kyell-Jean Antonio"]
[Black "Dimitri Gontcharov"]
[WhiteElo "1432"]
[BlackElo "1456"]
[PlyCount "107"]

1. e4 c5 2. Nf3 e6 3. d3 d5 4. Nbd2 Nc6 5. g3 Bd6 6. Bg2 Nf6
7. O-O O-O 8. Re1 Bc7 9. c3 d4 10. Nf1 e5 11. h4 h6 12. N3h2
Be6 13. g4 Qd7 14. g5 hxg5 15. hxg5 Ne8 16. Ng3 g6 17. Bf3 Kg7
18. Ng4 Ne7 19. Kg2 Rh8 20. Rh1 Rxh1 21. Kxh1 f5 22. gxf6+
Nxf6 23. Nxf6 Kxf6 24. Qd2 Rh8+ 25. Kg1 Kg7 26. c4 Bd8 27. Kf1
Nc6 28. Qe2 Bh4 29. Bd2 a5 30. Ke1 Nb4 31. Kd1 b5 32. a3 Na6
33. b3 g5 34. Bxa5 g4 35. Bg2 Bxg3 36. fxg3 Rh2 37. Qf1 Rh7
38. Ra2 Kg6 39. Rf2 Rf7 40. Rxf7 Bxf7 41. Qf2 bxc4 42. dxc4
Kg7 43. Qf5 Qxf5 44. exf5 Kf6 45. Be4 Bg8 46. Kd2 Bh7 47. Bd8+
Kf7 48. Kd3 Ke8 49. Bg5 Kf7 50. Bd8 Ke8 51. Bf6 Kd7 52. Bxe5
Ke7 53. f6+ Kf7 54. Bxh7 1-0

[Event "FIDE Online Olympiad"]
[Site "Chess.com"]
[Date "2020.07.31"]
[EventDate "2020.07.31"]
[Round "2"]
[Result "1-0"]
[White "William Alfaro"]
[Black "Equitable Brown"]
[WhiteElo "2165"]
[BlackElo "2064"]
[PlyCount "35"]

1. d4 Nf6 2. Nf3 g6 3. g3 Bg7 4. Bg2 O-O 5. c4 d6 6. O-O Nbd7
7. Nc3 e5 8. h3 a6 9. dxe5 Nxe5 10. Nxe5 dxe5 11. Qxd8 Rxd8
12. Bg5 Rd4 13. b3 Ne8 14. Nd5 e4 15. Rac1 c6 16. Nb6 Rb8
17. Bf4 Nd6 18. c5 1-0

[Event "FIDE Online Olympiad"]
[Site "Chess.com"]
[Date "2020.07.31"]
[EventDate "2020.07.31"]
[Round "2"]
[Result "1-0"]
[White "Duane Rowe"]
[Black "Marcos Ortiz"]
[WhiteElo "2088"]
[BlackElo "2221"]
[PlyCount "95"]

1. e4 c6 2. d4 d5 3. e5 c5 4. Nf3 Nc6 5. c4 cxd4 6. Nxd4 e6
7. Nc3 Nge7 8. Ndb5 Nxe5 9. cxd5 a6 10. Qa4 axb5 11. Qxa8 Nxd5
12. Bxb5+ Nd7 13. Bg5 f6 14. Nxd5 exd5 15. Rc1 Bb4+ 16. Kd1
Kf7 17. Qa4 Bd6 18. Rxc8 Qxc8 19. Bxd7 Qc7 20. Bd2 Rd8 21. Bb5
Be5 22. Qb3 Qc5 23. Be3 Qc8 24. Ke2 Qg4+ 25. Kf1 Kg8 26. Be2
Qf5 27. Bd3 Qd7 28. g3 Qh3+ 29. Ke2 Kh8 30. Qb6 Re8 31. Bb5
Rc8 32. Rc1 Qh5+ 33. Kd2 Rf8 34. Bc5 Rg8 35. Bd4 Qxh2 36. Bxe5
fxe5 37. Rc7 d4 38. Rf7 Qh5 39. Bc4 Qg5+ 40. Kc2 Rd8 41. Qd6
h6 42. Rf8+ Rxf8 43. Qxf8+ Kh7 44. Bd3+ g6 45. Qf7+ Kh8
46. Qxg6 e4 47. Bxe4 Qc5+ 48. Kb1 1-0

[Event "FIDE Online Olympiad"]
[Site "Chess.com"]
[Date "2020.07.31"]
[EventDate "2020.07.31"]
[Round "2"]
[Result "1-0"]
[White "Jose Nahum Espinoza Solano"]
[Black "Darren McKennis"]
[WhiteElo "1874"]
[BlackElo "1607"]
[PlyCount "77"]

1. e4 c6 2. d4 d5 3. exd5 cxd5 4. c4 Nf6 5. Nc3 e6 6. Nf3 Nc6
7. c5 Be7 8. Bb5 O-O 9. O-O a5 10. Re1 Bd7 11. Na4 Nb4
12. Bxd7 Nxd7 13. a3 Nc6 14. Bf4 b6 15. Rc1 bxc5 16. dxc5 Rc8
17. Qd2 Bf6 18. Bd6 Be7 19. Bg3 Bf6 20. b4 axb4 21. axb4 Na7
22. Qd3 Nc6 23. b5 Nb4 24. Qb3 Qa5 25. c6 Ra8 26. Bd6 Qxa4
27. Qxb4 Qxb4 28. Bxb4 Rfd8 29. cxd7 Rxd7 30. Rc6 Rb7 31. b6
Bd8 32. Bc5 Rab8 33. Rc1 h6 34. Bd6 Ra8 35. Bc7 Be7 36. g3 Ra6
37. Nd4 Ba3 38. Ra1 Ra5 39. Nb3 1-0

[Event "FIDE Online Olympiad"]
[Site "Chess.com"]
[Date "2020.07.31"]
[EventDate "2020.07.31"]
[Round "2"]
[Result "1-0"]
[White "Rachel Miller"]
[Black "Maria Jose Granados Ortiz"]
[WhiteElo "2004"]
[BlackElo "1576"]
[PlyCount "59"]

1. e4 Nf6 2. e5 Nd5 3. c4 Nb6 4. d4 d6 5. exd6 exd6 6. h3 Be7
7. Nf3 O-O 8. b3 Bf6 9. Be2 Nc6 10. O-O Bf5 11. Be3 Re8
12. Nc3 Bg6 13. Rc1 Ne7 14. Bf4 Nf5 15. Qd2 h6 16. Rfe1 d5
17. c5 Nc8 18. Nb5 Re7 19. Bf1 c6 20. Rxe7 Ncxe7 21. Nd6 Nxd6
22. Bxd6 Nf5 23. Bh2 Bh7 24. Re1 b6 25. b4 Nh4 26. Ne5 Qc8
27. cxb6 axb6 28. Rc1 Ra4 29. Rxc6 Bd8 30. Rxc8 1-0

[Event "FIDE Online Olympiad"]
[Site "Chess.com"]
[Date "2020.07.31"]
[EventDate "2020.07.31"]
[Round "3"]
[Result "1-0"]
[White "John Stephenson"]
[Black "Avian Pride"]
[WhiteElo "1343"]
[BlackElo "1208"]
[PlyCount "63"]

1. Nf3 d5 2. c4 c6 3. g3 Nf6 4. Bg2 e6 5. O-O Bd6 6. d4 O-O
7. Nc3 Ne4 8. Qd3 Nxc3 9. bxc3 Bd7 10. Ng5 g6 11. Nf3 b5
12. c5 Be7 13. Bh6 Re8 14. Ne5 f6 15. Nxg6 f5 16. Nxe7+ Rxe7
17. Bg5 Kf7 18. Qf3 Kg6 19. h4 h5 20. Qf4 Qf8 21. Bxe7 Qxe7
22. f3 Na6 23. g4 hxg4 24. fxg4 Qxh4 25. gxf5+ exf5 26. Qxh4
Kf7 27. e4 dxe4 28. Bxe4 Kg6 29. Kh2 Re8 30. Rg1+ Kf7 31. Qh7+
Kf6 32. Rg6# 1-0

[Event "FIDE Online Olympiad"]
[Site "Chess.com"]
[Date "2020.07.31"]
[EventDate "2020.07.31"]
[Round "3"]
[Result "1-0"]
[White "Marcos Ortiz"]
[Black "Don Dacres"]
[WhiteElo "2221"]
[BlackElo "1797"]
[PlyCount "65"]

1. e4 c6 2. d4 d5 3. e5 Bf5 4. Nc3 e6 5. g4 Bg6 6. Nge2 h6
7. h4 Nd7 8. Be3 Bb4 9. a3 Ba5 10. b4 Bc7 11. h5 Bh7 12. f4
Ne7 13. Ng3 b5 14. Bd3 Bxd3 15. cxd3 a5 16. Rb1 axb4 17. axb4
Ra3 18. Qc1 Qa8 19. O-O O-O 20. Nge2 f5 21. g5 hxg5 22. fxg5
Ra7 23. Nf4 Re8 24. Nxe6 Nf8 25. Nxc7 Rxc7 26. Nxb5 cxb5
27. Qxc7 Nc6 28. Rxf5 Re7 29. Qd6 Rd7 30. Rxf8+ Qxf8 31. Qxd7
Qf3 32. Qe8+ Kh7 33. g6# 1-0

[Event "FIDE Online Olympiad"]
[Site "Chess.com"]
[Date "2020.07.31"]
[EventDate "2020.07.31"]
[Round "3"]
[Result "1-0"]
[White "Zuzana Kovacova"]
[Black "Maria Esther Granados Diaz"]
[WhiteElo "2011"]
[BlackElo "1843"]
[PlyCount "89"]

1. e4 Nf6 2. e5 Nd5 3. d4 d6 4. c4 Nb6 5. exd6 cxd6 6. Nc3 g6
7. Be3 Bg7 8. Rc1 Nc6 9. Nf3 O-O 10. h3 e5 11. Be2 f5 12. dxe5
dxe5 13. Bc5 Re8 14. O-O Be6 15. b3 e4 16. Qxd8 Raxd8 17. Ng5
Bc8 18. h4 Nd4 19. Rfd1 f4 20. Bxd4 Bxd4 21. Ngxe4 Bf5 22. Bf3
h6 23. Rxd4 Rxd4 24. Nf6+ Kf7 25. Nxe8 Kxe8 26. Bxb7 Rd2
27. c5 Nc8 28. a3 Kd8 29. b4 g5 30. hxg5 hxg5 31. Rd1 Rxd1+
32. Nxd1 Ne7 33. Nc3 Kc7 34. Ba6 Nc6 35. Kf1 Ne5 36. Nd5+ Kb8
37. Ke2 Be4 38. Nf6 Bxg2 39. b5 g4 40. c6 f3+ 41. Ke3 Nc4+
42. Kf4 Nxa3 43. Ne8 Nxb5 44. Bxb5 Bh3 45. Kg3 1-0